000 00413nam a22001697a 4500
999 _c11436
_d11436
003 OSt
008 220716b ||||| |||| 00| 0 eng d
020 _a9788126516148
082 _a615.19 KOE
100 _aKOROLKOVAS,Andrejus
245 _aEssentials of Medicinal Chemistry
250 _a2nd
260 _aNew Delhi
_bJohn Wiley
_c2011
300 _a1202
650 _a Medicinal Chemistry
942 _2ddc
_cBK